000
00224nam a2200085Ia 4500
008
170620s9999 xx 000 0 und d
100
_a
Dubai- Satya Narayan`Sartandu`
245
0
_a
Aapna Malik Aap
260
_b
New Delhi- Hind Pocket Books
260
_c
2009
999
_c
25620
_d
25620